Normal view
MARC view
Entry Topical Term
001 - CONTROL NUMBER
- control field: 2308
003 - CONTROL NUMBER IDENTIFIER
- control field: ARRUPE
005 - DATE AND TIME OF LATEST TRANSACTION
- control field: 20131008173522.0
008 - FIXED-LENGTH DATA ELEMENTS
- fixed length control field: 131008|| aca||aabn | a|a d
040 ## - CATALOGING SOURCE
- Original cataloging agency: ARRUPE
- Transcribing agency: ARRUPE
150 ## - HEADING--TOPICAL TERM
- Topical term or geographic name as entry element: Mathématiques
- General subdivision: Philosophie.
670 ## - SOURCE DATA FOUND
- Source citation: Work cat.: (ARRUPE)0: Frege, Gottlob, 1848-1925. 2296, The Frege reader /, 1997.